Sāhityare rahasyabāda. (Record no. 60510)

MARC details
000 -LEADER
fixed length control field 00598cam a22002411 4500
001 - CONTROL NUMBER
control field sa 64007812
003 - CONTROL NUMBER IDENTIFIER
control field DLC
005 - DATE AND TIME OF LATEST TRANSACTION
control field 20260227112050.0
008 - FIXED-LENGTH DATA ELEMENTS--GENERAL INFORMATION
fixed length control field 940926s1962 ii 000 0 orio
010 ## - LIBRARY OF CONGRESS CONTROL NUMBER
LC control number sa 64007812
025 ## - OVERSEAS ACQUISITION NUMBER
Overseas acquisition number PL480:I-O-312
035 ## - SYSTEM CONTROL NUMBER
System control number (OCoLC)31181284
040 ## - CATALOGING SOURCE
Original cataloging agency DLC
Transcribing agency CU
Modifying agency CU
-- DLC
042 ## - AUTHENTICATION CODE
Authentication code premarc
050 00 - LIBRARY OF CONGRESS CALL NUMBER
Classification number PN49
Item number .P33
100 1# - MAIN ENTRY--PERSONAL NAME
Personal name Patnaik, Pathani,
Dates associated with a name 1928-
245 10 - TITLE STATEMENT
Title Sāhityare rahasyabāda.
260 ## - PUBLICATION, DISTRIBUTION, ETC.
Date of publication, distribution, etc. [1962]
300 ## - PHYSICAL DESCRIPTION
Extent 7, 120 p.
Dimensions 18 cm
500 ## - GENERAL NOTE
General note In Oriya.
650 #0 - SUBJECT ADDED ENTRY--TOPICAL TERM
Topical term or geographic name entry element Mysticism in literature.
700 1# - ADDED ENTRY--PERSONAL NAME
Personal name Rāuta, Bhoḷānātha.

No items available.

Powered by Koha